000 01269cam a22001934a 4500
005 20250605164143.0
008 250528s ||||||||||||||||||||||||d
035 _a19049
020 _a9602324406
040 _aGR-AtMCL
_bgre
_dGR-AtMCL
_eAACR2
245 1 _aΗ Ελευθερία Ανταγωνισμού / Στο Ευρωπαϊκό Κοινοτικό Δίκαιο
260 _bΑντ. Ν. Σάκκουλα,
_c1996
300 _a128
520 _aΕισαγωγή, Απαγόρευση Αντιανταγωνιστικών Συμπράξεων (αντιτράστ), Απαγόρευση Καταχρήσεως Δεσπόζουσας Θέσεως, Διοικητική και Δικαστική Προστασία του Ελεύθερου Ανταγωνισμού, Κοινοτικός Έλεγχος Συγκεντρώσεως Επιχειρήσεων, Δημόσιες ή Προνομιούχες Επιχειρήσεις και Ελεύθερος Ανταγωνισμός, Κρατικές Ενισχύσεις, Απαγόρευση του Ντάμπινγκ (Αντι-ντάμπινγκ), Ειδικές Περιπτώσεις Ανταγωνισμού.
700 1 _aΔαγτόγλου Π. Δ
_92653
942 _cBK
999 _c4333
_d4333